Exorcisando al fantasma de la cultura global: identidad nacional y globalización /
Đã lưu trong:
| Tác giả chính: | |
|---|---|
| Định dạng: | Texto |
| Những chủ đề: | |
| Các nhãn: |
Thêm thẻ
Không có thẻ, Là người đầu tiên thẻ bản ghi này!
|
MARC
| LEADER | 00000 a a2200000 04500 | ||
|---|---|---|---|
| 001 | 15227 | ||
| 003 | |||
| 040 | |||
| 100 | |a Fonseca González, Vanesa | ||
| 245 | |a Exorcisando al fantasma de la cultura global: |b identidad nacional y globalización / |c Vanesa Fonseca González | ||
| 650 | |a IDENTIDAD CULTURAL | ||
| 650 | |a CULTURA | ||
| 650 | |a LIBERALIZACION DEL INTERCAMBIO | ||
| 650 | |a ECONOMIA | ||
| 650 | |a ESTADO | ||
| 650 | |a CAMBIO SOCIAL | ||
| 650 | |a CAMBIO CULTURAL | ||
| 773 | |g número 82; páginas 81-89 | ||
| 999 | |c 34748 |d 34748 | ||
| 773 | 0 | |0 18728 |9 3052 |a Universidad de Costa Rica |d San José, Costa Rica Editorial UCR 1956- |o 16978 |t Revista de Ciencias Sociales/ |x 04825276 | |
